000 00635nam a2200193Ia 4500
003 IN-BaIIA
008 211028s9999 xx 000 0 eng d
040 _cIIA Library
080 _a083.7:669.71:621-777.6
_bISI
110 _aIndian Standards Institution
245 0 _aIndian standard colour code for identification of aluminium and aluminium alloys for general engineering purposes
_cIndian Standards Institution
260 _aNew Delhi
_bIndian Standards Institution
_c1970
300 _a10p.
500 _aIS 2479 : 1969
650 _a Aluminium alloys
650 _a Standards 
650 _aNASA Thesaurus 
942 _cBK
999 _c5297
_d5297